00605nam a2200181Ia 450000500170000000800460001702000180006304000140008104100130009508400140010810000240012224500820014626000440022830000100027265000400028265000420032265000590036420250605114526.0008 250516s9999 xx 000 0 eng d a9788131613610 bengcSDCL aeng2eng aY15(T) R4 aGundemeda, Nagaraju 0aGender, state and education :bMapping the inclusive exclusion in South India aNew Delhi :bRawat Publications,c2024. a208p. aEducation and state -- India, South aSex differences in education -- India aSouth, Sex discrimination in higher education -- India